000 00263nam a22001097a 4500
008 230623b xxu||||| |||| 00| 0 eng d
082 _a330.
_bGOK 1962
245 _aReport of the Economy Commission
260 _aKenya
_bGOK
_c1962
300 _a90p
942 _2ddc
_cBK
999 _c2508
_d2508